| 000 | 00762nam a2200217 4500 | ||
|---|---|---|---|
| 999 |
_c7867 _d7867 |
||
| 003 | AR-CdUCM | ||
| 008 | 190321b ||||| |||| 00| 0 spa d | ||
| 040 |
_aMUNICIPALIDAD PROVINCIAL DEL CUSCO _cBIBLIOTECA MUNICIPAL DEL CUSCO |
||
| 082 |
_a520.985 / _bSA18 |
||
| 100 |
_aSalazar Garcés, Erwin _922251 |
||
| 245 |
_aAstronomia Inka : _bArqueoastronomia & etnoastronomia / |
||
| 260 |
_aCusco : _bImprenta Amauta, _c2012. |
||
| 300 |
_a290 paginas ; _bIlustraciones, graficos, retratos, dibujos, _c24 cm. |
||
| 505 | _aContenido: Astronomia inka -- Arqueoastronomia -- etnoastronomia | ||
| 650 |
_aAstronomia _920961 |
||
| 650 |
_aInka _9630 |
||
| 650 |
_aArqueoastronomia _922252 |
||
| 650 |
_aEtnoastronomia _922253 |
||
| 942 |
_2ddc _cLIBROS |
||
| 945 | _apjha | ||